logo

Bir Sreshtho Munshi Abdur Rouf Library
Jhenaidah Cadet College

A course of mineralogy (Record no. 8286)

MARC details
000 -LEADER
fixed length control field 00822cam a2200265 4500
001 - CONTROL NUMBER
JCCL Control Number 8286
003 - CONTROL NUMBER IDENTIFIER
JCCL marc code BD-JhCC
005 - DATE AND TIME OF LATEST TRANSACTION
control field 20180220133342.0
008 - FIXED-LENGTH DATA ELEMENTS--GENERAL INFORMATION
fixed length control field 710404s1964 ru ac 001 0 eng
035 ## - SYSTEM CONTROL NUMBER
system control number (BD-JhCC)8286
040 ## - CATALOGING SOURCE
Original cataloging agency DLC
Transcribing agency DLC
Modifying agency DLC
-- BD-JhCC
041 1# - LANGUAGE CODE
Language code of Book engrus
050 00 - LIBRARY OF CONGRESS CALL NUMBER
Classification number QE363
Item number .B3713
082 00 - DEWEY DECIMAL CLASSIFICATION NUMBER
Classification number 549
Author mark and Year BET 1964
100 1# - MAIN ENTRY--PERSONAL NAME
Personal name Betekhtin, A. G.
Fuller form of name (Anatoliĭ Georgievich)
240 10 - UNIFORM TITLE
Uniform title Kurs mineralogii.
245 02 - TITLE STATEMENT
Title A course of mineralogy
Statement of responsibility, etc [by] A. Betekhtin. Translated from the Russian by V. Agol. Translation editor: A Gurevich.
260 ## - PUBLICATION, DISTRIBUTION, ETC. (IMPRINT)
Place of publication, distribution, etc Moscow,
Name of publisher, distributor, etc Peace Publishers
Date of publication, distribution, etc [1964]
300 ## - PHYSICAL DESCRIPTION
Pagination 642 p.
Other physical details illus., ports.
Dimensions 23 cm.
500 ## - GENERAL NOTE
General note Added t.p. in Russian.
500 ## - GENERAL NOTE
General note Translation of Kurs mineralogii (romanized form)
650 #0 - SUBJECT ADDED ENTRY--TOPICAL TERM
Topical term or geographic name as entry element Mineralogy.
942 ## - ADDED ENTRY ELEMENTS (KOHA)
Source of classification or shelving scheme Dewey Decimal Classification
Koha item type Books
Holdings
Source of classification or shelving scheme Damaged status Not for loan Home library Current library Shelving location Total Checkouts Full call number Barcode Date last seen Copy number Koha item type
Dewey Decimal Classification     JCC Rouf Library JCC Rouf Library General Stacks   549 BET 1964 10923 02/20/2018 C-1 Books

JCC Library | Contacts | JCC Home

Last Update on 23 September 2017
Copyright @ 2017-2020 JCC Rouf Library
Rouf Library, Jhenidah Cadet College (JCC), Bangladesh